000 00507nam a2200181Ia 4500
001 3529
005 20260306145650.0
008 260306t2008||||xx |||||||||||||| ||spa||
041 _aESP
082 _a287.2
_bH12
100 _aEnriquez Beck, Carlos (Ed.)
_eAUT
245 0 _aHacia una nueva evangelización:
_bde la gran misión remar mar adentro a la gran misión de Lima 2003-2010
260 _c2008
300 _a89 páginas :
_c25 cm.
650 _aGEN
654 _aCHU
942 _cLIB
_dJUS
_fJUS
_2ddc
_n
999 _c3529
_d3529